Macroeconomía Estructuralista (Registro nro. 4284)

Detalles MARC
000 -LEADER
fixed length control field 01177 a2200217 4500
001 - CONTROL NUMBER
control field 47087
005 - DATE AND TIME OF LATEST TRANSACTION
control field 20260407155739.0
008 - FIXED-LENGTH DATA ELEMENTS--GENERAL INFORMATION
fixed length control field 260407a1989 arg spa d
003 - CONTROL NUMBER IDENTIFIER
control field AR-UNSa-BCEJYS
040 ## - CATALOGING SOURCE
Original cataloging agency AR-UNSa-BCEJYS
Language of cataloging spa
Transcribing agency AR-UNSa-BCEJYS
080 ## - UNIVERSAL DECIMAL CLASSIFICATION NUMBER
Universal Decimal Classification number 330.101.541
Common auxiliary subdivision Macroeconomía
020 ## - INTERNATIONAL STANDARD BOOK NUMBER
International Standard Book Number 968-24-2801-7
100 1# - MAIN ENTRY--PERSONAL NAME
Personal name Taylor, Lance
245 10 - TITLE STATEMENT
Title Macroeconomía Estructuralista
Name of part/section of a work modelos aplicables en el tercer mundo
264 #1 - PRODUCTION, PUBLICATION, DISTRIBUTION, MANUFACTURE, AND COPYRIGHT NOTICE
Place of production, publication, distribution, manufacture México :
Name of producer, publisher, distributor, manufacturer Trillas
Date of production, publication, distribution, manufacture, or copyright notice 1989
300 ## - PHYSICAL DESCRIPTION
Extent 242 p.
Dimensions 23 cm.
505 ## - FORMATTED CONTENTS NOTE
Formatted contents note 1. La perspectiva estructuralista - 2. Mecanismos de ajuste. El aspecto real - 3. Mecanismos de ajuste. Modelo de dos sectores - 4. Ajuste a corto plazo en la práctica - 5. Dinero y otros activos a corto plazo - 6. Dinero, inflación y crecimiento - 7. Dificultados de la balanza comercial - 8. Activos extranjeros y la balanza de pagos - 9. Modelos de dos sectores de inflación, distribución y crecimiento - 10. Modelos comerciales y crecimiento del sur - 11. Lecciones de política.
590 ## - LOCAL NOTE (RLIN)
Local note niveau_biblio:m niveau_hierar:0
856 41 - ELECTRONIC LOCATION AND ACCESS
Uniform Resource Identifier <a href="https://www.biblioeco.unsa.edu.ar/pmb/images/libros/L127388.jpg">https://www.biblioeco.unsa.edu.ar/pmb/images/libros/L127388.jpg</a>
Link text Imagen de portada
Electronic format type image/jpeg
942 ## - ADDED ENTRY ELEMENTS (KOHA)
Koha item type
Existencias
Withdrawn status Lost status Damaged status Not for loan Home library Current library Shelving location Date acquired Total checkouts Full call number Barcode Date last seen Price effective from Koha item type
        Biblioteca Prof. Eusebio Cleto del Rey Biblioteca Prof. Eusebio Cleto del Rey   07/04/2026   330.101.541 T236 L127388 07/04/2026 07/04/2026 Libro